| 000 | 012400000a22002170004500 | ||
|---|---|---|---|
| 020 | _a9586072096 | ||
| 082 | 0 | 4 | _aG 232.8 C3384p |
| 100 | 1 | _aCasey, Michael | |
| 245 | 1 | 0 | _aPlenamente humano, plenamente divino : una cristología interactiva / Michael Casey , traducido por Ernesto Botero |
| 260 | _aBogotá : San Pablo | ||
| 300 | _a306 p. | ||
| 500 | _aTítulo original en inglés: Fully human, fully divine | ||
| 501 | _aEn rústico | ||
| 505 | 0 | 0 | _aHumanidad divina -- El cuerpo recalcitrante -- Jesús bautizado en el Jordán -- Nosotros y los otros -- La tentación de Jesús --- Fantasías contradictorias -- Jesús, el exorcista -- Desintoxicación -- Jesús, el sembrador -- Confianza en la providencia -- Jesús calma una tormenta -- Una mente tranquila -- Jesús, el que aprende -- un corazón abierto -- Jesús viaja mucho -- Ambigüedad -- Jesús transfigurado -- Meta-experiencia -- Jesús el profeta -- Confesión -- Getsemaní -- Crisis -- Desolación -- Desnudez -- Eternidad |
| 650 | 1 | 4 | _aJESUCRISTO - HUMANIDAD \ JESUCRISTO - DIVINIDAD \ JESUCRISTO - NATURALEZA |
| 001 | 17972 | ||
| 942 | _cBK | ||
| 999 |
_c44465 _d44465 |
||
| 336 |
_atexto _btxt _2rdacontent |
||
| 337 |
_2rdamedia _asin mediación _bn |
||
| 338 |
_2rdacarrier _avolumen _bnc |
||